00364 2200157 4500245004000000020001800040250001100058100001200069650001600081005001900097260003000116041001400146084000800160300002900168336000900197 aApa Pun Selain HujancOrizukahText a979-780-850-5 aCet. 1 aOrizuka aNovel Fiksi a20230116074325 aJakartabGagasMediac2016 aIndonesia a813 aviii, 288 hlm. :c19 cm. atext